000 00691nam a2200205Ia 4500
003 LK-CoDNM
005 20240927124427.0
008 010623t1891 xxu||||| |||| 00| 1 sin d
040 _aLK-CoDNM
_dLK-CoDNM
_eLK-CoDNM
041 _asin
080 _a24
_bH43
245 _aසන්න සහිත ආශිර්වවිෂොපමය සූත්‍රය
246 _aSanna Sahitha Ashirvavishopamaya Suutraya
260 _bD.B.D.S.Appuhami
_aColombo
_c1891
300 _b34p. ; 22 cm
650 _aසන්න සහිත ආශිර්වවිෂොපමය සූත්‍රය
650 _aSanna Sahitha Ashirvavishopamaya Suutraya
650 _a24 H43
942 _cBK
999 _c83436
_d83436